Statistiques concernant Culture Générale - Série 873

Cliquez ici pour prendre le quiz!

Statistiques générales

  • Ce quiz a été pris 36 fois
  • Le résultat moyen est 6 sur 10

Statistiques - réponses

Question Réponse % Correct
Quel artiste, à qui l'on doit la chanson "Amsterdam", était surnommé "le Grand Jacques" ?Jacques Brel
100%
Comment appelle-t-on le jeu, où l'on doit deviner un mot lettre par lettre, et où chaque erreur contribue au dessin d'une potence ?Le pendu
97%
Quel personnage de cirque peut être "blanc" ou "auguste" ?clown
94%
Quel légume sec, disposant d'une A.O.C. quand elle est du Puy, sert-on traditionnellement en accompagnement du “petit salé” ?lentille
86%
Dans quel album d'Astérix apparaissent les personnages de Zurix et Petisuix ?Astérix chez les Helvètes
51%
En géométrie, quel nom porte le segment de droite qui joint le sommet d'un triangle au milieu du côté opposé ?médiane
46%
Quel compositeur est l'auteur de la “Symphonie fantastique”, en 1830 ?Hector Berlioz
34%
À quel écrivain doit-on le roman épistolaire “Julie ou la Nouvelle Héloïse” ?Jean-Jacques Rousseau
31%
Quel cinéaste a réalisé “Coup de torchon”, en 1981 ?Bertand Tavernier
26%
Dans quel château François Ier meurt-il, en 1547 ?Rambouillet
9%

Distribution des résultats

Percentile par nombre de réponses

% des personnes avec chaque résultat

Votre développement - résultats

Vous n’avez pas pris ce quiz